000
00273nam a22000977a 4500
008
110628t xxu||||| |||| 00| 0 eng d
010
_a
SCCAF121
245
_a
Supreme Court Criminal Application No. 1 of 2003 Arvind Patel Vs Uganda
260
_c
2003
500
_a
CORAM: Oder JSC
999
_c
4182
_d
4182